Simposio Pablo Neruda (Record no. 144145)

MARC details
000 -LEADER
campo de control de longitud fija 00838nam a2200229 4500
001 - NÚMERO DE CONTROL
campo de control 144145
003 - IDENTIFICADOR DE NÚMERO DE CONTROL
campo de control ES-MaACL
005 - FECHA Y HORA DE LA ÚLTIMA TRANSACCIÓN
campo de control 20230906200944.0
007 - CAMPO FIJO DE DESCRIPCIÓN FÍSICA--INFORMACIÓN GENERAL
campo de control de longitud fija t|
008 - DATOS DE LONGITUD FIJA--INFORMACIÓN GENERAL
campo de control de longitud fija 070214s1975 xxu r ||||1| spa d
111 2# - ENTRADA PRINCIPAL--NOMBRE DE CONGRESO/REUNIÓN
Nombre de congreso/reunión o jurisdicción como elemento de entrada Simposio Pablo Neruda (
Sede del congreso/Lugar de la reunión Columbia, Carolina del Sur (
Fecha del congreso o de la firma del tratado 1974)
9 (RLIN) 135222
245 10 - MENCIÓN DEL TÍTULO
Título Simposio Pablo Neruda
Resto del título : Actas : Columbia, Carolina del Sur : noviembre 21-23, 1974 /
Mención de responsabilidad, etc. Isaac Jack Lévy, Juan Loveluck, editores.
260 ## - PUBLICACIÓN, DISTRIBUCIÓN, ETC.
Lugar de publicación, distribución, etc. Columbia :
Nombre del editor, distribuidor, etc. University of South Carolina [etc.],
Fecha de publicación, distribución, etc. 1975 (
Lugar de fabricación/manufactura Madrid :
Fabricante Velograf)
300 ## - DESCRIPCIÓN FÍSICA
Extensión 427 p. ;
Dimensiones 21 cm.
490 1# - MENCIÓN DE SERIE
Mención de serie Hispanic Studies
700 1# - ENTRADA AGREGADA--NOMBRE PERSONAL
Nombre de persona Lévy, Isaac Jack.
9 (RLIN) 72001
700 1# - ENTRADA AGREGADA--NOMBRE PERSONAL
Nombre de persona Loveluck, Juan.
9 (RLIN) 74362
710 2# - ENTRADA AGREGADA--NOMBRE DE ENTIDAD CORPORATIVA
Nombre de entidad corporativa o nombre de jurisdicción como elemento de entrada University of South Carolina.
9 (RLIN) 7515
830 0# - PUNTO DE ACCESO ADICIONAL DE SERIE-TÍTULO UNIFORME
Título uniforme Hispanic Studies
9 (RLIN) 220644
852 ## - LOCALIZACIÓN
Ubicación ES-MaACL
Número de control de estantería L-7450
Sublocalización o colección R.107489
Holdings
Estatus retirado Estado de pérdida Estado de daño No para préstamo Biblioteca de origen Biblioteca actual Ubicación en estantería Fecha de adquisición Fuente de adquisición Total de préstamos Signatura topográfica completa Código de barras Visto por última vez Precio de reemplazo Tipo de ítem Koha
        Biblioteca del Ateneo de Madrid Biblioteca del Ateneo de Madrid Depósito 2 17/01/2008     L-7450 1149969 23/02/2023 23/02/2023 Libro impreso